00618nam a2200205Ia 450000500170000000800410001702000290005804000190008704100120010608200150011810000240013324500590015726000580021630000340027450400400030863000250034865000150037365100140038885000100040220180620143650.0140110s9999 xx 000 0 und d a9788171566907cRs.550.00 aLoreto College aEnglish a304.6bSHA aSharma, Rajendra K. aDemography and Population problemscRajendra K. Sharma aNew delhibAtlantic publishers and distributorsc2007 a296p.b Include table, charts aIncludes bibliographical references aPopulation Geography aDemography aGeography aLCLIB